000 00313nam a22001457a 4500
008 221014b ||||| |||| 00| 0 eng d
020 _a9781932302165
041 _aeng
080 _a611
082 _a611 McC
100 _a10.2
101 _aANAT
245 _aANATOGRAPHICA
_cMcCRACKEN TH
942 _2udc
_cBK
999 _c58555
_d58555